[Event "Saint Louis Rapid 2020"]
[Site "Saint Louis"]
[Date "2020.09.17"]
[Round "7"]
[White "Nepomniachtchi, Ian"]
[Black "So, Wesley"]
[Result "1/2-1/2"]
[WhiteElo "2784"]
[BlackElo "2770"]
[Annotator "TA RC"]
[PlyCount "50"]
[EventDate "2020.09.15"]
[EventType "rapid"]
[EventCountry "USA"]

{[%evp 10,50,17,21,16,0,0,0,0,0,0,0,0,0,0,0,0,0,0,0,19,-10,-10,-31,0,0,-1,-11,0,7,4,0,0,0,0,0,0,-18,-18,-60,-60,-60,-60]} 1. e4 e5 2. Bc4 Nf6 3. d3 c6 4. Nf3 d5 5. Bb3 Bb4+ 6. c3 Bd6 {C24: Bishop's Opening: 2...Nf6.} 7. O-O O-O 8. exd5 cxd5 {The position is equal.} 9. Bg5 Be6 10. c4 d4 11. c5 {[#] And now Bxf6 would win.} Bxb3 12. Qxb3 {Threatens to win with Bxf6.} Bxc5 13. Bxf6 {[#]} Qxf6 $146 ({Predecessor:} 13... gxf6 14. Nh4 Qd7 15. Nd2 Be7 16. f4 Na6 17. Qd1 Nb4 18. Qh5 Nd5 19. Rae1 Bb4 {½-½ (52) Khokhlov,I (2361)-Jenkinson,S (2310) ICCF email 2016}) 14. Qxb7 Nc6 15. Qb5 (15. Rc1 $5 {[%cal Rc1c5]} Rab8 16. Qa6 $11) 15... Be7 16. Rc1 Rfc8 17. Nbd2 Qe6 18. a3 Rab8 19. Qc4 Nd8 $36 {[%mdl 2048] Black is pushing.} 20. Qxe6 Rxc1+ 21. Rxc1 Nxe6 22. b4 f6 23. g3 {[#]} a5 $1 {[%mdl 512]} 24. Rc6 (24. bxa5 Nc5) 24... Nd8 $1 {[%cal Rd8c6]} 25. Rc7 Rb7 {Accuracy: White = 86%, Black = 93%.} 1/2-1/2

[Event "Saint Louis Rapid 2020"]
[Site "Saint Louis"]
[Date "2020.09.17"]
[Round "7"]
[White "Grischuk, Alexander"]
[Black "Dominguez Perez, Leinier"]
[Result "1-0"]
[WhiteElo "2777"]
[BlackElo "2758"]
[Annotator "TA"]
[PlyCount "157"]
[EventDate "2020.09.15"]
[EventType "rapid"]
[EventCountry "USA"]

{[%evp 11,157,18,22,21,20,18,18,16,44,45,64,55,50,61,58,61,35,33,46,43,37,55,112,110,125,108,108,104,108,97,96,94,118,115,115,105,106,105,121,123,142,130,148,147,302,221,196,98,106,106,104,95,106,102,102,101,110,110,100,76,76,48,58,48,89,89,89,89,89,34,89,8,8,8,10,0,0,0,0,0,0,0,0,0,0,0,33,33,33,33,33,33,33,8,8,8,8,0,8,8,8,8,8,8,100,8,8,8,31,31,31,31,31,31,31,31,641,641,627,620,612,605,589,589,407,398,29974,29975,29975,8,8,8,8,8,8,8,8,0,8,8,29975,29977,29981,29982,29979,29981,29983,29984]} 1. d4 Nf6 2. c4 e6 3. Nf3 d5 4. g3 dxc4 5. Bg2 Bb4+ 6. Bd2 a5 7. Qc2 {E04: Open Catalan: 5 Nf3.} Bxd2+ 8. Qxd2 c6 9. a4 {The position is equal.} b5 10. axb5 cxb5 11. Qg5 O-O 12. Qxb5 Ba6 13. Qa4 Qb6 14. O-O Bb5 15. Qa3 Nc6 16. Nc3 Rab8 (16... Nd5 $14) 17. e3 $16 Nd5 {[#]} 18. Nxb5 $146 ({Predecessor:} 18. Nd2 Ndb4 19. Nxb5 Nc2 20. Qa4 Nxa1 21. Rxa1 Ne7 22. Na3 Qxb2 23. Naxc4 Qc3 24. Qxa5 {1-0 (38) Schneider,I (2417)-Arnold,M (2126) Nuremberg 2011}) 18... Qxb5 19. Rfc1 Qxb2 20. Rxc4 Qxa3 21. Rxa3 Rfc8 22. Rc5 g6 23. Ra1 Kg7 24. Nd2 Ncb4 25. Rcxa5 Rc2 26. Ne4 Nd3 {intending ...Rbb2.} 27. Bf1 Rb3 $2 (27... N3b4 $16 28. Rb1 Rcc8) 28. Bxd3 Rxd3 29. R5a2 (29. Ra7 $1 $18) 29... Rd1+ 30. Rxd1 Rxa2 {[%mdl 4096] Endgame KRN-KRN} 31. Rd2 Ra3 32. Kg2 Nf6 33. Nc5 g5 34. h3 h5 35. Rc2 g4 36. hxg4 hxg4 37. Kf1 Nd5 38. Ke2 Kg6 39. Kd2 Nf6 40. Rb2 (40. e4 $16) 40... Kf5 (40... Nh7 $1 $14) 41. Ke2 ({White should try} 41. Rb7 $1 $16 {[%cal Rb7f7]} Kg6 42. e4) 41... Ne4 $11 42. Rc2 f6 43. Nxe4 Kxe4 {KR-KR} 44. Rb2 Ra1 45. Rd2 Ra4 46. Rc2 Ra1 47. Rb2 Ra4 48. Rd2 Ra1 49. d5 exd5 50. Rd4+ Kf5 $1 51. Rxd5+ Kg6 52. e4 Ra3 53. Rd3 Ra1 54. Rd5 Ra3 55. Rf5 Rb3 56. Ra5 Rc3 57. Ra6 Kf7 (57... Rc5 $11) 58. Ra4 (58. e5 $1 $16) 58... Ke6 59. Ra5 Rc4 60. Kd3 Rb4 61. Rf5 Rb3+ 62. Ke2 Rb2+ 63. Ke3 Ra2 $2 {[%mdl 8192]} (63... Rb3+ $14 64. Kd2 Rb2+ 65. Ke3 Rb3+ 66. Kd2 Rb4) 64. Rf4 $1 $18 {[%cal Rf4g4]} Ra3+ 65. Ke2 Ra2+ 66. Kf1 $1 Ra4 67. Rxg4 Ke5 {If only Black now had time for ...f5....} 68. Rf4 Rxe4 $2 (68... Ra7 $18 69. Kg2 Ke6) 69. Rxe4+ Kxe4 {KPP-KP} 70. Ke2 $2 (70. Kg2 $1 {mates} Ke5 71. Kf3 Kf5 72. Ke3 Kg4 73. Ke4 Kg5 74. f3 Kh6 75. Kf5) 70... f5 $11 71. f3+ Ke5 $1 72. Kd3 {Intending Kc4 and mate.} Kd5 73. Kd2 {Kd3 is the strong threat.} Kd4 74. Ke2 Ke5 75. Kf1 {Strongly threatening Ke2.} Kd4 $2 {[%mdl 8192] [#]} (75... Kf6 $11) 76. Kg2 $1 {White mates.} Ke3 77. f4 Ke4 {[#]} 78. Kh3 $1 Kf3 79. Kh4 {Accuracy: White = 81%, Black = 72%.} 1-0

[Event "Saint Louis Rapid 2020"]
[Site "Saint Louis"]
[Date "2020.09.17"]
[Round "7"]
[White "Aronian, Levon"]
[Black "Nakamura, Hikaru"]
[Result "0-1"]
[WhiteElo "2773"]
[BlackElo "2736"]
[Annotator "TA RC"]
[PlyCount "132"]
[EventDate "2020.09.15"]
[EventType "rapid"]
[EventCountry "USA"]

{[%evp 15,132,12,7,-2,0,0,0,-6,0,-3,0,0,0,0,0,-13,-16,-54,-81,-128,-38,-39,-43,-55,0,0,0,0,0,0,0,0,0,0,0,0,0,0,62,0,0,-21,-22,-87,-79,-287,-292,-283,-273,-270,-85,-95,-56,-58,-50,-44,-51,-96,-80,-66,-64,-85,-62,-77,-75,-77,-95,-82,-94,-86,-75,-81,-63,-93,-83,-94,-76,-120,-116,-238,-266,-259,-257,-247,-209,-235,-205,-290,-279,-327,-310,-330,-325,-316,-287,-760,-760,-711,-329,-326,-284,-266,-262,-284,-275,-318,-210,-4029,-4029,-1378,-1067,-29974,-658,-650,-647,-29974,-29975,-29979,-29980]} 1. d4 Nf6 2. c4 e6 3. Nc3 Bb4 4. e3 O-O 5. Bd3 c5 6. Nge2 d5 7. cxd5 cxd4 8. exd4 Nxd5 9. Qc2 {E48: Nimzo-Indian: Rubinstein: 5 Bd3 d5 including 6 Ne2, but excluding 6 a3.} h6 10. O-O Nc6 11. Rd1 {The position is equal.} Bd6 12. Bh7+ Kh8 {Strongly threatening ...f5.} 13. Be4 {[#]} Nce7 $146 ({Predecessor:} 13... Qh4 14. g3 Qh5 15. Qd3 Nxc3 16. Nxc3 e5 17. Nb5 Rd8 18. d5 Ne7 19. Nxd6 Rxd6 {½-½ (30) Lerner,K (2570)-Alekseev,E (2544) Tel Aviv 2001}) 14. Bd2 Bd7 15. Qc1 Kg8 {[#]} 16. Bxh6 $1 {[%mdl 512]} Nxc3 $1 ({Wrong is} 16... gxh6 $2 17. Qxh6 f5 18. Bxd5 $18) 17. Nxc3 gxh6 (17... f5 $1 $17 18. Qg5 (18. Bxb7 gxh6 19. Bxa8 Qxa8 $11) 18... Rf7) 18. Qxh6 $15 {[%csl Ge4][%cal Rh6h7]} f5 19. d5 fxe4 (19... Be8 $1 $15 20. Bc2 e5) 20. Qg5+ $11 Kh7 21. Nxe4 {dxe6 is the strong threat.} exd5 {Threatens to win with ...Bf4.} 22. Nxd6 Ng6 23. Qh5+ Kg7 24. Rxd5 Qf6 25. Ne4 Qe7 {White must now prevent ...Bc6.} 26. Ng3 Qf7 ({Better is} 26... Rae8 $11) 27. f3 (27. Rf1 $14 Rh8 28. Qd1) 27... Be6 $36 {[%mdl 2048] White is under pressure.} ({Inferior is} 27... Qe6 28. Rad1 $16) 28. Rd6 Rad8 29. Rad1 (29. Rxd8 $11 Rxd8 30. Qg5) 29... Qc7 $1 $17 (29... Rxd6 $6 30. Rxd6 Nf4 31. Qg5+ Qg6 32. Nh5+ Nxh5 33. Qxg6+ Kxg6 34. Rxe6+ Kf7 35. Re5 $11) 30. Ne4 $2 (30. Rxd8 $17 {was forced.} Rxd8 31. Rxd8 Qxd8 32. Qc5) 30... Rxd6 $19 31. Rxd6 Qc1+ 32. Kf2 Qxb2+ $2 (32... Rf5 $1 $19 {[%cal Rf5h5] is more deadly.} 33. Qg4 Qxb2+ {[%mdl 64] Double Attack} 34. Kg3 Qe5+ 35. Kf2 Qa1) 33. Rd2 $17 Qb4 (33... Qe5 {looks sharper.} 34. Qxe5+ Nxe5 35. Nc5 Bc8 36. Ne4 Bf5) 34. Qc5 Qxc5+ 35. Nxc5 Bc8 36. Kg3 Ne7 37. Kf2 b6 38. Ne4 Be6 39. h4 Bd5 {Black continues to play with concentration.} 40. Nc3 Bc6 41. Ne2 Rh8 42. g3 Kf7 43. Nf4 b5 {[%cal Bb6b5,Bb5b4][%mdl 32]} 44. h5 a5 45. g4 b4 46. g5 a4 47. Rd4 (47. h6 $17) 47... Rb8 $1 $19 48. Nd3 {[#]} b3 $1 {[%cal Rb3a2]} 49. axb3 ({But not} 49. Ne5+ $2 Ke6 $19) 49... axb3 50. Nb2 Bd5 51. Rf4+ (51. Ke1 $142) 51... Kg7 52. Ke3 Rh8 53. h6+ Kg6 54. Rg4 Re8 55. f4 $2 (55. Nd3) 55... Nf5+ {[%mdl 64] Discovered Attack (Double check)} 56. Kd3 Rd8 (56... Re3+ $142 57. Kd2 Rh3) 57. Rg1 Bf7+ 58. Kc3 {[#]} Rc8+ $1 59. Kb4 Ne3 60. Nd3 {Hoping for Ne5+.} Nd5+ 61. Kb5 $2 (61. Ka4 b2 62. Nxb2) 61... Be8+ 62. Ka6 {[#]} b2 $1 {( -> ...Bc6)} 63. Rb1 {[#]} (63. Nxb2 Bc6) 63... Bb5+ $1 {[%mdl 512]} 64. Kxb5 Nc3+ {[%mdl 64] Double Attack} 65. Kb4 Nxb1 66. Nxb2 Rb8+ {Accuracy: White = 58%, Black = 74%.} 0-1

[Event "Saint Louis Rapid 2020"]
[Site "Saint Louis"]
[Date "2020.09.17"]
[Round "7"]
[White "Harikrishna, Pentala"]
[Black "Xiong, Jeffery"]
[Result "1-0"]
[WhiteElo "2732"]
[BlackElo "2709"]
[Annotator "ChessBase"]
[PlyCount "131"]
[EventDate "2020.09.15"]
[EventType "rapid"]
[EventCountry "USA"]
[TimeControl "1500+5"]

1. e4 {[%emt 0:00:05]} g6 {[%emt 0:00:05]} 2. d4 {[%emt 0:00:03]} Bg7 {[%emt 0:00:01]} 3. Be3 {[%emt 0:00:02]} d6 {[%emt 0:00:03]} 4. Nc3 {[%emt 0:00:07]} a6 {[%emt 0:00:01]} 5. Qd2 {[%emt 0:00:03]} b5 {[%emt 0:00:03]} 6. h4 {[%emt 0:00:05]} h5 {[%emt 0:00:01]} 7. O-O-O {[%emt 0:00:07]} Bb7 {[%emt 0:00:02]} 8. f3 {[%emt 0:00:22]} Nd7 {[%emt 0:00:01]} 9. Nh3 {[%emt 0:00:08]} Ngf6 {[%emt 0:00:02]} 10. Ng5 {[%emt 0:00:13]} e6 {[%emt 0:00:02]} 11. Kb1 {[%emt 0:02:50]} Qe7 {[%emt 0:00:03]} 12. Qf2 {[%emt 0:00:52]} Nb6 {[%emt 0:01:45]} 13. Bd3 {[%emt 0:00:35]} Nfd7 {[%emt 0:03:49]} 14. Qg3 {[%emt 0:02:45]} b4 {[%emt 0:04:53]} 15. Ne2 {[%emt 0:00:18]} c5 {[%emt 0:00:03]} 16. e5 {[%emt 0:00:54]} dxe5 {[%emt 0:02:47]} 17. dxc5 {[%emt 0:02:36]} Nd5 {[%emt 0:00:03]} 18. Bf2 {[%emt 0:01:40]} O-O {[%emt 0:00:33]} 19. Ne4 {[%emt 0:00:03]} Bc6 {[%emt 0:01:32]} 20. Qg5 {[%emt 0:00:13]} Rfd8 {[%emt 0:00:56]} 21. Qxe7 {[%emt 0:03:46]} Nxe7 {[%emt 0:00:00]} 22. Nd6 {[%emt 0:00:02]} Bf8 {[%emt 0:00:20]} 23. Ng3 {[%emt 0:00:21]} Nc8 {[%emt 0:04:02]} 24. Be4 {[%emt 0:01:40]} Nb8 {[%emt 0:00:02]} 25. Nc4 {[%emt 0:00:27]} Bd5 {[%emt 0:02:15]} 26. Nxe5 {[%emt 0:01:50]} Ne7 {[%emt 0:00:01]} 27. Nc4 {[%emt 0:00:47]} Nd7 {[%emt 0:00:08]} 28. Nd6 {[%emt 0:01:01]} f5 {[%emt 0:00:36]} 29. Bxd5 {[%emt 0:00:47]} Nxd5 {[%emt 0:00:00]} 30. Nb7 {[%emt 0:00:01]} Rdc8 {[%emt 0:00:01]} 31. Rhe1 {[%emt 0:00:07]} Nxc5 {[%emt 0:01:17]} 32. Nxc5 {[%emt 0:00:48]} Bxc5 {[%emt 0:00:00]} 33. Bxc5 {[%emt 0:00:01]} Rxc5 {[%emt 0:00:00]} 34. Rxe6 {[%emt 0:00:01]} Nf4 {[%emt 0:00:00]} 35. Red6 {[%emt 0:00:36]} Kg7 {[%emt 0:00:49]} 36. b3 {[%emt 0:00:29]} Re8 {[%emt 0:00:42]} 37. Rxa6 {[%emt 0:00:22]} Nxg2 {[%emt 0:00:05]} 38. Nxh5+ {[%emt 0:00:09]} Kh6 {[%emt 0:00:17]} 39. Rg1 {[%emt 0:00:20]} Re1+ {[%emt 0:00:49]} 40. Rxe1 {[%emt 0:00:02]} Nxe1 {[%emt 0:00:00]} 41. Nf4 {[%emt 0:00:03]} Nxc2 {[%emt 0:00:02]} 42. Rxg6+ {[%emt 0:00:34]} Kh7 {[%emt 0:00:00]} 43. Rg2 {[%emt 0:00:05]} Nd4 {[%emt 0:00:01]} 44. Nd3 {[%emt 0:00:07]} Rc3 {[%emt 0:00:01]} 45. Nxb4 {[%emt 0:00:01]} Rxf3 {[%emt 0:00:00]} 46. Nd5 {[%emt 0:00:03]} f4 {[%emt 0:00:04]} 47. h5 {[%emt 0:00:05]} Kh6 {[%emt 0:00:05]} 48. Rg4 {[%emt 0:00:14]} Ne2 {[%emt 0:00:05]} 49. Nf6 {[%emt 0:00:02]} Rg3 {[%emt 0:00:00]} 50. Kc2 {[%emt 0:00:04]} Rxg4 {[%emt 0:00:22]} 51. Nxg4+ {[%emt 0:00:01]} Kxh5 {[%emt 0:00:00]} 52. Ne5 {[%emt 0:00:02]} Kg5 {[%emt 0:00:02]} 53. Kd2 {[%emt 0:00:10]} Nd4 {[%emt 0:00:01]} 54. Kd3 {[%emt 0:00:01]} Ne6 {[%emt 0:00:01]} 55. b4 {[%emt 0:00:03]} Kf5 {[%emt 0:00:01]} 56. Nf3 {[%emt 0:00:01]} Kg4 {[%emt 0:00:02]} 57. Ke4 {[%emt 0:00:10]} Kg3 {[%emt 0:00:01]} 58. a4 {[%emt 0:00:06]} Nc7 {[%emt 0:00:00]} 59. Nd4 {[%emt 0:00:05]} Na6 {[%emt 0:00:02]} 60. Ne2+ {[%emt 0:00:09]} Kg4 {[%emt 0:00:05]} 61. Nxf4 {[%emt 0:00:01]} Nxb4 {[%emt 0:00:00]} 62. Nd3 {[%emt 0:00:01]} Na6 {[%emt 0:00:09]} 63. a5 {[%emt 0:00:06]} Kg5 {[%emt 0:00:00]} 64. Ke5 {[%emt 0:00:02]} Kg6 {[%emt 0:00:08]} 65. Kd6 {[%emt 0:00:05]} Kf6 {[%emt 0:00:04]} 66. Kc6 {[%emt 0:00:01]} 1-0

[Event "Saint Louis Rapid 2020"]
[Site "Saint Louis"]
[Date "2020.09.17"]
[Round "7"]
[White "Firouzja, Alireza"]
[Black "Carlsen, Magnus"]
[Result "0-1"]
[WhiteElo "2728"]
[BlackElo "2863"]
[Annotator "TA RC"]
[PlyCount "52"]
[EventDate "2020.09.15"]
[EventType "rapid"]
[EventCountry "USA"]

{[%evp 11,52,-12,10,-5,11,0,0,0,7,-6,38,33,33,17,25,-43,-50,-85,-87,-86,-64,-131,-133,-136,-130,-142,-131,-139,-126,-112,-136,-175,-172,-153,-162,-233,-206,-493,-494,-528,-448,-440,-442]} 1. d4 Nf6 2. c4 e6 3. Nc3 Bb4 4. f3 d5 5. a3 Bxc3+ 6. bxc3 c6 7. a4 {[#] E20: Nimzo-Indian: 4 g3 and 4 f3.} Qa5 $146 ({Predecessor:} 7... O-O 8. e3 b6 9. cxd5 cxd5 10. a5 Ba6 11. Bxa6 Nxa6 12. Qd3 Qc8 13. Ba3 Re8 14. Ne2 bxa5 {0-1 (41) Volkov,S (2485)-Rozentalis,E (2610) St Petersburg 1996}) 8. Qd2 O-O 9. e3 {The position is equal.} Re8 10. Bd3 dxc4 11. Bxc4 b6 12. Bd3 Ba6 13. c4 ({White should try} 13. Bxa6 $11 Qxa6 14. Ne2) 13... c5 $15 14. Ne2 Nc6 15. Kf2 Nb4 16. Bb2 ({White should play} 16. Ba3 $15) 16... cxd4 $17 17. Nxd4 Rad8 18. Bc3 Nxd3+ 19. Qxd3 Qc5 {[#] ...e5 is the strong threat.} 20. Qc2 Bxc4 21. Rhd1 Nd5 $36 {[%mdl 2048] aiming for ...Nxe3! Black is in control.} ({Don't take} 21... Qg5 22. Nc6 $11) 22. Bd2 e5 23. Nf5 (23. Nb3 $142 Bxb3 24. Qxb3) 23... Nf4 24. Kg3 $2 {[#]} (24. Kg1 {was necessary.}) 24... Nd3 $19 {White must now prevent ...e4.Black is clearly winning.} 25. Qc3 Be6 26. Qxc5 Nxc5 {Accuracy: White = 51%, Black = 95%.} ({Weaker is} 26... bxc5 27. Ba5 $19) 0-1

[Event "Saint Louis Rapid 2020"]
[Site "Saint Louis"]
[Date "2020.09.17"]
[Round "8"]
[White "Carlsen, Magnus"]
[Black "Xiong, Jeffery"]
[Result "1/2-1/2"]
[WhiteElo "2863"]
[BlackElo "2709"]
[Annotator "TA"]
[PlyCount "124"]
[EventDate "2020.09.15"]
[EventType "rapid"]
[EventCountry "USA"]

{[%evp 17,124,-10,14,15,19,14,10,0,10,-91,-86,-70,-69,-70,-77,-90,-88,-112,-131,-115,-103,-85,-86,-92,-81,-79,-78,-135,-60,-96,-77,-84,-52,-79,-63,-96,0,-107,-35,-27,-31,-38,-45,-69,-35,-35,-36,-41,-37,-37,-37,-37,-24,-31,-29,-29,-29,-29,-10,-10,-1,-4,-2,-43,26,26,54,41,72,72,73,71,172,171,170,159,689,164,689,-62,-63,-65,-65,-65,-71,-152,-152,-152,-152,-152,-152,-152,-152,-152,0,0,0,0,0,0,0,0,0,0,0,0,0,0,0]} 1. e4 e6 2. d4 d5 3. Nc3 Bb4 4. e5 Ne7 5. a3 Bxc3+ 6. bxc3 c5 7. Nf3 Bd7 8. a4 Qa5 9. Bd2 c4 10. h4 {C19: French: 3 Nc3 Bb4: Main line: 7 Nf3 and 7 a4.} Bxa4 11. h5 h6 12. g3 {[#]} Nbc6 $146 ({Predecessor:} 12... b5 13. Bh3 Nbc6 14. Nh4 Kd7 15. O-O g5 16. hxg6 Nxg6 17. Nxg6 fxg6 18. Qg4 Rae8 19. Qxg6 h5 20. Qf7+ Re7 21. Bxe6+ Kd8 22. Qf6 h4 23. Qxh8+ {1-0 (23) Svetushkin,D (2515)-Kozelov,R (2120) chess.com INT 2020}) 13. Bh3 {[#]} (13. Ra2 $1 $11 {keeps the balance.}) 13... Bxc2 $1 $17 {[%mdl 512]} 14. Qc1 (14. Qxc2 Qxa1+) 14... Ba4 15. O-O b5 16. Nh4 Qb6 17. Be3 Bb3 18. f4 b4 19. f5 exf5 $1 20. Bxf5 bxc3 (20... Nxf5 21. Nxf5 O-O-O 22. Nxg7 $14) 21. Qxc3 O-O 22. Qd2 (22. g4 $142) 22... Qb4 (22... a5 $17 23. Rf4 Nb4) 23. Qf2 c3 (23... Nxf5 24. Nxf5 f6 25. Nxg7 $1 $14 {[%mdl 512]}) 24. Qf4 c2 {aiming for ...Qc4.} ({Inferior is} 24... Nxf5 25. Nxf5 Bc2 26. Nxg7 $1 $16 {[%mdl 512]}) 25. Rac1 Qc3 (25... Nxf5 26. Nxf5 Nxe5 27. Qxe5 $18) 26. Rf2 {[%cal Rf5c2]} Rab8 ({Not} 26... Nxf5 27. Nxf5 Qd3 28. Nxg7 $1 $16 {[%mdl 512]}) (26... a5 $1 $17 {White must now prevent ...a4.} 27. Bxc2 Bxc2 28. Rfxc2 Qb4) 27. Kh2 (27. Bxc2 $11 Bxc2 28. Rfxc2) 27... Ba4 (27... a5 $17 28. Bxc2 Bxc2 29. Rfxc2 Rb2 30. Rxb2 Qxb2+ 31. Kh3 Qb3) 28. Bxc2 $15 Bxc2 29. Rcxc2 Qd3 30. Rfd2 $1 {[%cal Rd2d3]} Qe4 31. Qxe4 $1 dxe4 32. d5 $1 {[%cal Rd5c6]} Nxe5 33. Bf4 {[#]} e3 $1 34. Re2 $1 (34. Bxe3 Ng4+) 34... f6 35. d6 Nd5 36. Rc5 Nxf4 37. gxf4 Nd3 38. Rc4 Rb2 39. Rxb2 Nxb2 $11 {[%mdl 4096] Endgame KRN-KRN} 40. Re4 (40. Rc2 $5 {[%cal Rd6d7]} Na4 41. Nf5 $11) 40... f5 (40... Rd8 $15 41. Nf5 a5) 41. Re7 Nc4 42. d7 {[%mdl 1024] White wants to mate with Re8! White has compensation.} Nb6 43. Kg2 Kh7 44. Ng6 Rb8 ({Weaker is} 44... Rd8 45. Re8 Nd5 46. Rxd8 Nxf4+ 47. Nxf4 g5 48. Re8 gxf4 49. Re7+ Kh8 50. d8=Q#) (44... Rg8 $16 {is a better defense.}) 45. Kf3 $18 a5 {[#]} 46. Ne5 $1 Rd8 $2 (46... Rg8 $16 47. Nc4 Nxd7) 47. Ke2 $2 (47. Re8 {White threatens Ng6 and mate.} Nxd7 48. Rxd8) 47... a4 $2 (47... Rf8 48. Nc4 Nxd7) 48. Re6 $2 ({White must play} 48. Re8 $18 {Threatening mate with Ng6.} Nxd7 49. Rxd8) 48... Nxd7 $15 49. Rd6 a3 {[%cal Ba4a3,Ba3a2][%mdl 32]} 50. Nxd7 {Hoping for Nf6+. KRN-KR} a2 51. Nf6+ (51. Ra6 $142 Rxd7 52. Kxe3) 51... gxf6 $17 {KR-KR} 52. Ra6 Rd2+ 53. Kxe3 Rh2 54. Ra7+ Kg8 55. Kd4 {intending Kd5.} Re2 $2 (55... Rxh5 $17 {Strongly threatening ...Rh2.} 56. Rxa2 Rh4 57. Ra8+ Kf7 58. Ra7+ Kg6) 56. Kd5 $11 {The position is equal.} Kf8 57. Kd6 $1 Kg8 58. Ra8+ Kf7 {next ...Rd2+ is good for Black.} 59. Ra7+ Kf8 60. Ra8+ Kf7 {Threatens to win with ...Rd2+.} 61. Ra7+ Kf8 62. Ra8+ Kf7 {Accuracy: White = 79%, Black = 65%.} 1/2-1/2

[Event "Saint Louis Rapid 2020"]
[Site "Saint Louis"]
[Date "2020.09.17"]
[Round "8"]
[White "So, Wesley"]
[Black "Aronian, Levon"]
[Result "1-0"]
[WhiteElo "2770"]
[BlackElo "2773"]
[Annotator "TA"]
[PlyCount "145"]
[EventDate "2020.09.15"]
[EventType "rapid"]
[EventCountry "USA"]

{[%evp 18,145,13,13,14,18,14,9,25,14,14,9,14,12,28,19,16,9,14,12,14,12,8,9,8,7,19,19,19,12,19,0,-3,0,0,0,0,3,6,6,8,-40,-40,-47,-47,-47,-47,-47,-47,-47,-47,-52,-48,-71,-49,-45,0,0,0,0,0,0,0,0,0,0,0,0,0,0,0,0,0,0,0,0,0,0,0,0,232,0,0,0,232,232,232,232,232,232,679,633,658,660,605,585,1188,1158,993,902,1034,734,565,538,830,266,1145,1206,917,420,261,264,1517,1493,1111,691,6099,5118,29980,29981,29981,29982,29982,29983,29982,29975,29983,29984,29989,29990]} 1. e4 e5 2. Nf3 Nc6 3. Bb5 Nf6 4. O-O Nxe4 5. Re1 Nd6 6. Nxe5 Be7 7. Bf1 Nxe5 8. Rxe5 O-O 9. d4 Bf6 10. Re1 Re8 {10...Re8 scores better than 10...Nf5. C67: Ruy Lopez: Berlin Defence: 4 0-0 Nxe4.} 11. c3 Rxe1 12. Qxe1 Ne8 {The position is equal.} 13. a4 $5 {[%mdl 4] A promising side line.} d5 14. a5 c6 15. Bf4 {[#]} g6 $146 ({Predecessor:} 15... Qe7 16. Nd2 Qxe1 17. Rxe1 Kf8 18. Nb3 b6 19. Ra1 Bb7 20. Nd2 Be7 21. Re1 Rd8 {½-½ (44) Andreikin,D (2722)-Cheparinov,I (2667) Hengshui 2019}) 16. Nd2 Ng7 17. Be5 Be7 18. h3 Be6 19. Nb3 Qf8 20. Qd2 Re8 21. Re1 Bc8 22. Bb8 a6 23. Bf4 Bd8 24. Bh6 Rxe1 25. Qxe1 Qd6 26. Qe3 Qe7 (26... Bc7 {keeps more tension.} 27. g3 Qe6 28. Qxe6 Nxe6 29. Bd3 f5) 27. Qxe7 Bxe7 28. Nc5 g5 {aiming for ...Nf5.} 29. Bd3 Ne8 30. h4 gxh4 31. Bf4 Bd8 32. b4 Nc7 33. Kh2 Nb5 34. Na4 Be7 35. Bh6 Nd6 36. Nc5 Bf5 37. Bxf5 $1 Nxf5 38. Bf4 Bxc5 39. bxc5 $11 {[%mdl 4096] Endgame KB-KN} Kg7 40. Kh3 Kg6 41. Kg4 h5+ 42. Kh3 $1 Ng7 43. Kxh4 Ne6 44. Bd6 Ng5 45. f3 $1 Ne6 46. Be5 Nf8 47. Bd6 Nd7 48. Be7 Kh6 $2 (48... Nb8 $11 {and Black is okay.}) 49. Bg5+ Kg6 50. Be7 Kh6 {[#] White now steadily converts the win.} 51. Kg3 $1 Kg7 52. Kf4 Kg6 53. g3 Nf6 $2 (53... h4 54. gxh4 (54. Bxh4 f6 $16) 54... Kh5) 54. Ke5 $18 Ne8 {[#]} 55. Bd8 $1 {[%cal Rd8h4]} Kg7 56. Kf5 h4 57. Bxh4 Nc7 58. Bf6+ Kf8 59. Ke5 Nb5 60. g4 Ke8 61. g5 Na3 $2 (61... Nxc3 62. Kf5 Ne2) 62. Kf5 Nc4 63. g6 {Threatening mate with g7.} Kf8 64. Be5 {Threatens to win with Kf6.} Nd2 $2 (64... Nxa5 65. Kf6 fxg6) 65. Kf6 fxg6 66. Bd6+ Ke8 67. f4 Nf3 68. Kxg6 {White mates.} Nh4+ 69. Kf6 Kd7 70. f5 Nf3 71. Kg7 Ng5 72. Bf4 Nh3 73. Be3 {Accuracy: White = 94%, Black = 71%.} 1-0

[Event "Saint Louis Rapid 2020"]
[Site "Saint Louis"]
[Date "2020.09.17"]
[Round "8"]
[White "Dominguez Perez, Leinier"]
[Black "Nepomniachtchi, Ian"]
[Result "1-0"]
[WhiteElo "2758"]
[BlackElo "2784"]
[Annotator "TA RC"]
[PlyCount "41"]
[EventDate "2020.09.15"]
[EventType "rapid"]
[EventCountry "USA"]

{[%evp 9,41,14,19,22,22,20,25,6,10,11,16,27,19,18,12,22,9,13,79,84,279,251,386,356,410,403,403,403,403,403,497,420,732,726]} 1. e4 c6 2. d4 d5 3. e5 c5 4. dxc5 e6 5. Bd3 Nd7 (5... Bxc5 6. Qg4 Ne7 7. b4 h5 8. Qf4 Bb6 9. Nf3 Nbc6 10. Nbd2 a5 11. b5 Nb4 12. Ba3 Nxd3+ 13. cxd3 Bd7 14. Qa4 Nf5 15. Rc1 g5 {1-0 (25) Dominguez Perez,L (2760)-Nepomniachtchi,I (2775) Dortmund 2019}) 6. Nf3 {B12: Caro-Kann: Advance Variation.} Nxc5 7. O-O Bd7 8. c4 {White has an edge.} Nxd3 9. Qxd3 {[#]} Ne7 $146 ({Predecessor:} 9... dxc4 10. Qxc4 Rc8 11. Qe2 Qa5 12. Nc3 Bb4 13. Bd2 Ne7 14. Rfc1 O-O 15. a3 Bxc3 16. Bxc3 Qb6 17. Ng5 Bb5 18. Qh5 {½-½ (18) Olsen,S (2470)-Martin Molinero,R (2419) ICCF email 2016}) 10. Nc3 {[%cal Rc4d5]} dxc4 11. Qxc4 Rc8 12. Qe2 $36 {[%mdl 2048] White has the initiative.} Ng6 13. Rd1 Be7 (13... Qa5 $11) 14. h4 $1 $16 Bxh4 $2 {This move loses the game for Black.} (14... h5 $16) 15. Nxh4 $18 Qxh4 (15... Nxh4 {is a better defense.} 16. Ne4 h6 17. Nd6+ {[%mdl 64] Double Attack} Kf8 18. Nxc8 Qxc8) 16. Ne4 {aiming for Bg5.} Bc6 17. Nd6+ {[%mdl 64] Double Attack} Ke7 {[#]} 18. Be3 $1 {[%cal Re3c5] Hoping for Bc5.} (18. Nxc8+ Rxc8 19. Be3 Nf4 $16) 18... Nf4 19. Qd2 (19. Nxc8+ Rxc8 20. Bxf4 (20. Qd2 Nh3+ 21. gxh3 Qxh3 $16) 20... Qxf4 $16) 19... Nh3+ {[#]} 20. Kf1 $1 ({Less strong is} 20. gxh3 Qxh3 21. f3 (21. Nxc8+ Rxc8 22. f3 Qxf3 $16) 21... Qxf3 $16) 20... Bd5 {[#]} (20... f6 $142 21. f3 (21. Nxc8+ Rxc8 22. Rac1 Bb5+ 23. Ke1 Ng5 $18) 21... Rcd8) 21. Qxd5 $1 {[%mdl 512] Accuracy: White = 100%, Black = 42%.} 1-0